1761 1621 1230 1483 1130 1144 1425 1190 1394 1709 1100 1457 1006 1140 1428 1921 1234 1824 1706 1376 1563 1552 1039 1661 1463 1174 1042 1684 1128 1661 1930 1745 1121 1628 1875 1664 1525 1425 1959 1998 1456 1985 1805 1548 1492 1488 1789 1586 1801 1738 1218 1113 1618 1307 1625 1999 1478 1580 1651 1214 1335 1565 1936 1034 1364 1413 1174 1325 1065 1368 1938 1772 1349 1697 1478 1143 1615 1938 1860 1287 1744 1807 1226 1710 1765 1983 1445 1118 1104 1795 1727 1397 1647 1893 1306 1732 1881 1968 1671 BCNSPRNW ULIB Ver.6.0+V

เปลี่ยนเป็นภาษาไทย

Change to English
 แสดงรายละเอียดบรรณานุกรม
  กลับหน้าหลัก

Brief Record : Get Marc (ISO 2709) : E-mail record : QR code < ปิดหน้าต่าง
LEADER : 00000nam 2200000uu 4500
001    13399112778
003     ULIB
008    110908s2546||||th 000 0 tha d
020    9749524969
041 1  tha^heng
050  4 LB1060^bพ253ก 2546
100 1  สโนว์เดน, เดฟ
245 10 การจัดการความรู้ :^bสู่วงจรคุณภาพที่เพิ่มพูน /^cบรรยายโดยDave Snowden ; สรุปและเรียบเรียงโดย พรทิพย์ กาญจนนิยต, พัด นิลพันธุ์, นพรัตน์ ประสาทเขตการณ์
250    พิมพ์ครั้งที่ 1
260    กรุงเทพฯ :^bสำนักงานมาตรฐานอุดมศึกษาสำนักงานปลัดทบวงมหาวิทยาลัย,^c2546
300    148 หน้า :^bภาพประกอบ ;^c21 ซม.
650  4 การจัดการความรู้
650  4 การบริหารองค์ความรู้
650  4 การเรียนรู้องค์การ
650  4 ความรู้
650  4 สารสนเทศ^xการจัดการ
700 0  พรทิพย์ กาญจนนิยต
700 0  พัด นิลพันธุ์
700 0  นพรัตน์ ประสาทเขตการณ์
700 1  Snowden, Dave
710 2  สำนักงานมาตรฐานอุดมศึกษา
945    ^p0^l0^i015868
995    ทศพร
999 ^a ทศพร
รายการนี้ยังไม่มีแท็ก
คุณยังไม่ได้ล็อกอิน คุณสามารถมีกิจกรรมร่วมกับเว็บไซต์ได้ แต่ต้องล็อกอินก่อน ::
  ล็อกอิน

รายการสื่อสารสนเทศ

ลำดับที่ ประเภท เลขเรียก/บาร์โค้ด สถานที่ สถานะ
- ไม่พบข้อมูล -

รายการใกล้เคียง
    หัวเรื่อง [การจัดการความรู้]
    หัวเรื่อง [การบริหารองค์ความรู้]
    หัวเรื่อง [การเรียนรู้องค์การ]
    หัวเรื่อง [ความรู้]

BibComment


ยังไม่เคยถูกคอมเมนท์

คอมเมนท์ทรัพยากรรายการนี้
  คอมเมนท์: การจัดการความรู้ ..


 Copyright 2026. Bcnsprnw @Library